000 08378namaa22004451i 4500
003 EG-GICUC
005 20260429145905.0
008 260429s2025 ua a|||frm||| 000 0 eng d
040 _aEG-GICUC
_beng
_cEG-GICUC
_dEG-GICUC
_erda
041 0 _aeng
_beng
_bara
049 _aDeposit
082 0 4 _a632.32
092 _a632.32
_221
097 _aPh.D
099 _aCai01.07.16.Ph.D.2025.Ah.P
100 0 _aAhmed Maher Abbas Mohamed,
_epreparation.
245 1 0 _aPathological and molecular studies on ralstonia solanacearum the causative of potato bacterial wilt /
_cby Ahmed Maher Abbas Mohamed ; Supervisors Dr. Maurice Sabry Mikhail, Dr. Ahmed Ismail Abdel- Alim, Dr. Naglaa Moussa Balabel.
246 1 5 _aدراسات مرضية وجزيئية علي ميكروب Ralstonia solanacearum مسبب مرض الذبول البكتيري في البطاطس
264 0 _c2025.
300 _a161 pages :
_billustrations ;
_c25 cm. +
_eCD.
336 _atext
_2rda content
337 _aUnmediated
_2rdamedia
338 _avolume
_2rdacarrier
502 _aThesis (Ph.D)-Cairo University, 2025.
504 _aBibliography: pages 135-161.
520 3 _aThe present work was performed to evaluate the antibacterial activity of five different groups of treatments against potato bacterial wilt disease i.e., four bio- antagonistic microorganisms, five organic acids, four mineral salts and three different types of nanoparticles in vitro and in planta under greenhouse conditions. Also studying the genetic diversity using different molecular markers as ERIC- PCR, REP-PCR, BOX-PCR and RAPD-PCR. In vitro experiments included four antagonistic microorganisms Pseudomonas putida, Bacillus subtilis, a virulent R. solanacearum and Trichoderma harzianum were suppressive to the growth of R. solanacearum. The highest inhibition zone of 15.6 mm was recorded for Pseudomonas putida, while the least one 8.0 mm was recorded for Trichoderma harzianum.Five essential oils were evaluated for their antibacterial activity against R. solanacearum. The most effective oil inhibited the growth of the pathogen was eucalyptus oil with inhibition zone haloes of 20.30 mm, while the least inhibition zone diameter of 6.93 mm was recorded for ginger oil. Five organic acids were used against the pathogen growth, the most suppressive one was tartaric acid with inhibition zone diameter of 32.41mm while fumaric acid was the least with inhibition zone of 6.83 mm. Four mineral salts were used against the pathogen, the most effective salt in reducing the growth was iron sulphate with inhibition zone of 21.49 mm while the least mineral salt was potassium nitrate with inhibition zone 1.22mm . For evaluating the antimicrobial activity of three nanoparticles against the pathogen growth i.e., melatonin, iron oxide and Bentonite, the most suppressive was bentonite with inhibition zone of 22.30 mm, while the least one was melatonin with inhibition zone of 10.83 mm. In planta experiments, all applied treatments reduced the potato bacterial wilt in soil, rhizosphere and crown area and wilt severity. The application of the five used groups, in most cases improved the vegetative growth parameters and increased plant contents of the photosynthetic pigments (Chlorophyll a, Chlorophyll b, total Chlorophyll and carotenoids). Genetic diversity among R. solanacearum isolates using different molecular markers revealed that the similarity matrix between tuber isolates and weed isolates were highly similar which can be attributed to the plant origin and the aggressiveness of the isolates, meanwhile soil and water isolates were moderately and less pathogenic, respectively.
520 3 _aاستهدفت الدراسة الحالية تقييم النشاط المضاد للبكتريا في مكافحة مرض الذبول البكتيرى في البطاطس باستخدام 5 مجاميع مختلفة من المعاملات وهى 4 عوامل حيوية و5 أنواع من الزيوت النباتية و 5 أنواع من الأحماض العضوية و 4 أنواع من الأملاح المعدنية و 3 أنواع مختلفة من المواد النانومترية معملياً وفي الصوبة الزجاجية. تم دراسة التنوع الوراثي بين العزلات المتحصل عليها باستخدام أنواع مختلفة من العلامات الجزيئية وهي ERIC-PCR, Rep-PCR, BOX-PCR and RAPD-PCR. أظهرت الدراسات المعملية لعدد 4 كائنات من عوامل المقاومه الحيوية وهيPseudomonas putida, Bacillus subtilis,avirulent R.solanacearum and Trichoderma harzianum ذات تاثیر مثبط علي نمو البكتريا Ralstonia solanacearum وكان أعلى تأثير مثبط هو لبكتريا Pseudomonas putida بمعدل 15.6 مم بينما كان أقل تأثير مثبط لفطر Trichoderma harzianum بمعدل 8 مم. وأظهرت الزيوت النباتية المستخدمة وهي زيت الكافور، الزعتر، الزنجبيل ، حشيشة الليمون، وزيت النعناع .اظهر زيت الكافور تاثيرا مثبطا بمعدل 20.3 مم بينما كان أقل تأثير مثبط لزيت الزنجبيل بمعدل 6.93 مم. تم استخدام 5 أنواع من الأحماض العضوية ضد المسبب المرضى وكان حمض الطرطريك الأكثر تثبيطاَ بمعدل 32.41 مم بينما كان حمض الفيومرك الأقل تثبيطاً بمعدل 6.83 مم. تم استخدام 5 أنواع من الأملاح المعدنية ضد المسبب المرضى وكانت سلفات الحديد الأكثر فعالية فى تثبيط النمو بمعدل 21.49 مم ، بينما نترات البوتاسيوم كانت الأقل تثبيطا بمعدل 1.22 مم. تم تقييم 3 أنواع مختلفه من المواد النانومترية وهى الميلاتونين ، أوكسيد الحديد ، البنتونيت، وكان البنتونيت الأكثر تثبيط للبكتريا بمعدل 22.30 مم، بينما كان الميلاتونين الأقل تثبيطا بمعدل 10.83 مم. أثبتت تجارب الصوبة الزجاجية ان كل المعاملات ادت الي خفض مرض الذبول البكتيري في البطاطس وتقليل أعداد البكتريا فى التربة والريزوسفير ومنطقة التاج وخفض شدة المرض، أظهرت ال 5 مجاميع المستخدمة فى الصوبة الزجاجية تحسنا ملحوظا للنمو الخضري للنباتات المعاملة وزيادة فى محتوى النبات من صبغات البناء الضوئي كلوروفيل a، كلوروفيلb ، الكلوروفيل الكلى و الكاروتيدات. أثبت التنوع الوراثي باستخدام العلامات الجزيئية درجة عالية من التشابه بين عزلات الدرنات المصابة والحشائش ويعزى ذلك إلى المصدر النباتي لكل من عزلات الدرنات المصابة والحشائش وايضا درجات الشدة المرضية العالية في حالة الدرنات المصابة والحشائش بينما فى حالة عزلات التربة والمياة كانت متوسطة الشدة المرضية وأقل فى المرضية على التوالى
530 _aIssues also as CD.
546 _aText in English and abstract in Arabic & English.
650 0 _a‪Bacterial wilt of potato
650 0 _aذبول بكتيري في البطاطس
653 1 _aPotato
_aRalstonia solanacearum
_abacterial wilt
_abioagents
_aantagonistic
_aessential oils
_aorganic acids
_amineral salts
_ananoparticles
_aالأملاح المعدنية
_aالأحماض العضوية
700 0 _aMaurice Sabry Mikhail
_ethesis advisor.
700 0 _aAhmed Ismail Abdel- Alim
_ethesis advisor.
700 0 _aNaglaa Moussa Balabel
_ethesis advisor.
900 _b01-01-2025
_cMaurice Sabry Mikhail
_cAhmed Ismail Abdel- Alim
_cNaglaa Moussa Balabel
_dMohamed Elkhaleely Barakat
_dKamel Kamal Sabet
_UCairo University
_FFaculty of Agriculture
_DDepartment of Plant Pathology
905 _aShimaa
942 _2ddc
_cTH
_e21
_n0
999 _c179830